| 000 | 00924nam a2200241Ia 4500 | ||
|---|---|---|---|
| 003 | GCL | ||
| 008 | 140319s9999 xx 000 0 ara d | ||
| 040 |
_aGCL / _cGCL |
||
| 082 | 0 | 4 |
_a219.9 _bل ا |
| 100 | 1 | _aاحمد هيكل | |
| 245 | 1 | 0 |
_aالاسلام وأزمة العصر : _bحرب مقدسة وإرهاب غير مقدس / _cاحمد هيكل |
| 700 | 1 | _aلويس، برنارد | |
| 250 | _aالاولى | ||
| 260 |
_aالقاهرة : _bالمجلس الاعلى للثقافة ، _c2004 |
||
| 300 |
_a175 ص ؛ _c24 سم |
||
| 490 |
_aالمشروع القومى للترجمة _v741 |
||
| 650 | 0 | 4 | _aالاسلام والعلاقات الخارجية |
| 650 | 0 | 4 | _aالاسلام والاصلاح الاجتماعى |
| 650 | 0 | 4 | _aالاسلام والاصلاح السياسى |
| 650 | 0 | 4 | _aالاسلام والسياسة |
| 650 | 0 | 4 | _aالارهاب - العالم العربى |
| 942 |
_2ddc _cBK |
||
| 999 |
_c56884 _d56884 |
||